000 00899nas a2200277 4500
001 BR8100989
003 BR-BrBNA
005 20231205084528.0
007 ta
008 230509b bl.|||p| |||| 00| 00por d
040 _aBR-BrBNA
_bpor
_cBiblioteca Nacional de Agricultura
041 _a(Pt)
072 _aF22
100 1 _aSalati, E.
100 1 _aReichardt, K.
100 1 _aUrquiaga, C.S.
245 1 _aEfeitos da adicao de vermiculita na retencao e armazenamento de agua por latossolos [Brasil]
246 1 _aEffects of vermiculite addition to latosols on water retention and storage [Brazil]
650 _aFisica do solo
650 _aAgua
650 _aAbsorcao
650 _aLatossolo
773 0 _tRevista Brasileira de Ciencia do Solo (Brazil)
_xISSN 0100-0683
_g(Sep 1980), v. 4(3) p. 125-131
_wBR8100989
909 _a202311
_bLúcia
_c55
_dLúcia Elande
942 _2AGRIS
_n0
_cANA
999 _c105763
_d105763